[Event "St Petersburg (Women)"]
[Site "St Petersburg"]
[Date "2007.10.31"]
[Round "5"]
[White "Kostiukova, Liubov"]
[Black "Areshchenko, Kateryna"]
[Result "0-1"]
[WhiteElo "2318"]
[BlackElo "2302"]
[PlyCount "64"]
[EventDate "2007.10.27"]
[EventType "tourn"]
[EventRounds "11"]
[EventCountry "RUS"]
[EventCategory "1"]
[SourceTitle "CBM 121 Extra"]
[Source "ChessBase"]
[SourceDate "2008.01.10"]
[SourceVersion "1"]
[SourceVersionDate "2008.01.10"]
[SourceQuality "1"]

1. d4 d5 2. Nf3 Nf6 3. e3 Bf5 4. c4 e6 5. Nc3 c6 6. Be2 h6 7. a3 Bd6 8. b4 a6 9. Bd3 Nbd7 10. Bxf5 exf5 11. cxd5 cxd5 12. Qb3 Nb6 13. 0-0 Rc8 14. a4 Qc7 15. Bd2 Qc4 16. Rfb1 Ne4 17. Nxe4 fxe4 18. Ne1 Qxb3 19. Rxb3 Nc4 20. Bc3 b6 21. b5 a5 22. Ra2 Rc7 23. h3 f5 24. Kf1 Rf8 25. Ke2 g5 26. g3 f4 27. exf4 gxf4 28. gxf4 Bxf4 29. Ng2 Rcf7 30. Be1 Bg5 31. h4 Bf6 32. Nf4 Bxd4 0-1

[Event "St Petersburg (Women)"]
[Site "St Petersburg"]
[Date "2007.10.27"]
[Round "1"]
[White "Kuzevanova, Evgenia"]
[Black "Areshchenko, Kateryna"]
[Result "1/2-1/2"]
[WhiteElo "2172"]
[BlackElo "2302"]
[PlyCount "102"]
[EventDate "2007.10.27"]
[EventType "tourn"]
[EventRounds "11"]
[EventCountry "RUS"]
[EventCategory "1"]
[SourceTitle "CBM 121 Extra"]
[Source "ChessBase"]
[SourceDate "2008.01.10"]
[SourceVersion "1"]
[SourceVersionDate "2008.01.10"]
[SourceQuality "1"]

1. e4 e5 2. Nf3 Nc6 3. Bc4 Nf6 4. d3 Be7 5. 0-0 0-0 6. c3 a6 7. Bb3 d6 8. Re1 Bg4 9. h3 Bh5 10. Nbd2 d5 11. exd5 Nxd5 12. Ne4 Bg6 13. Ng3 Bf6 14. h4 Nb6 15. d4 exd4 16. h5 dxc3 17. hxg6 cxb2 18. gxf7+ Kh8 19. Bxb2 Bxb2 20. Rb1 Bf6 21. Ne4 a5 22. Nc5 Qxd1 23. Rbxd1 a4 24. Be6 Nd8 25. Nd7 Nxe6 26. Nxf8 Nxf8 27. g4 h6 28. Re8 g6 29. Ne5 Kg7 30. f4 Bxe5 31. Rxe5 Kxf7 32. Rde1 Kg8 33. Re7 Nd5 34. R7e4 Nd7 35. Re6 Rf8 36. Rxg6+ Kh7 37. f5 N7f6 38. g5 Ng8 39. gxh6 Nxh6 40. Re5 Rxf5 41. Rxh6+ Kxh6 42. Rxf5 c6 43. Kf2 Kg6 44. Rf3 b5 45. Ke2 c5 46. Kd2 b4 47. Kd3 Nb6 48. Rf8 c4+ 49. Kd4 b3 50. axb3 cxb3 51. Rb8 Nd7 1/2-1/2